| 000 | 00943nam a2200337 a 4500 | ||
|---|---|---|---|
| 001 | 000108082 | ||
| 003 | CHAP | ||
| 005 | 20220329143956.0 | ||
| 008 | 131204s1998 mx a |r| |||0|||spa d | ||
| 010 | _a104544 | ||
| 011 | _a105516 | ||
| 020 | _a9683666205 | ||
| 040 | _cCHAP | ||
| 082 | 0 | 4 |
_a530.1 _bT19 |
| 100 | 1 |
_aTartaglia, Nicolo _9124889 |
|
| 245 | 1 | 3 |
_aLa nueva ciencia / _cpor Nicolo Tartaglia. |
| 260 |
_aMéxico : _bUNAM. Facultad de ciencias, _c1998. |
||
| 300 |
_a166 p. : _bil. |
||
| 490 | 1 | _aMathema | |
| 534 | _pTit. Original: La Nova Sciencia | ||
| 590 |
_aE11695DGD _b10 _c20131204 _lUCH01 _h1256 |
||
| 590 |
_aE11695DGD _b10 _c20131204 _lUCH01 _h1300 |
||
| 590 |
_aE5652GLJ _b05 _c20131204 _lUCH01 _h1009 |
||
| 650 | 1 | 4 |
_aFísica. _941975 |
| 650 | 1 | 4 |
_aGeometría euclidiana. _947657 |
| 700 | 1 |
_aMartínez E., J. Rafael _etr. _9124890 |
|
| 830 | 0 |
_aMathema _9124894 |
|
| 901 | _aBK | ||
| 942 | _cLIBRO | ||
| 942 | _n0 | ||
| 999 |
_c104544 _d104544 |
||